000 00676nam a2200241Ia 4500
003 OSt
005 20220925204937.0
006 a|||||r|||| 00| 0
007 ta
008 220923b |||||||| |||| 00| 0 eng d
037 _cGeneral Book
040 _aRTL
_cRTL
_beng
041 _2eng
_aeng
082 _aV58:3(P), L2
100 _aLewis E Glyn
_9113291
245 0 _aMultilingualism in the Soviet Union
_b Aspects of la
260 _aHague
_bMouton
_c1972
300 _axx, 332p
_ccm.
500 _aBibliography: P 295-320
650 _aRussia History
_922158
942 _hV58:3(P), L2
_cGB
_2CC
999 _c550824
_d550824